Music Quiz

Random Music or Album Quiz

AC/DC Albums Quiz Stats

 Plays Quiz Updated Sep 13, 2019

Score 0/16 Timer 06:00
2 Plays Today
Year Album % Correct
1980Back in Black
95.9%
1979Highway to Hell
78.4%
2008Black Ice
71.8%
1975High Voltage
66.8%
1981For Those About to Rock (We Salute You)
63.8%
1976Dirty Deeds Done Dirt Cheap
61.4%
1990The Razors Edge
57%
1975T.N.T.
49.6%
Year Album % Correct
2014Rock or Bust
49.5%
1985Fly on the Wall
49%
1995Ballbreaker
44.6%
1977Let There Be Rock
42.6%
1978Powerage
42.3%
2000Stiff Upper Lip
42.2%
1983Flick of the Switch
36.4%
1988Blow Up Your Video
31.3%

You're not logged in!

Compare scores with friends on all Sporcle quizzes.
OR
Log In

Sporcle TV

Today on Sporcle TV


Watch our educational content, quiz creation guides, and fun videos on Sporcle TV.

Show Comments

Extras

Top Quizzes Today


Score Distribution

Your Account Isn't Verified!

In order to create a playlist on Sporcle, you need to verify the email address you used during registration. Go to your Sporcle Settings to finish the process.

Report this User

Report this user for behavior that violates our Community Guidelines.

Details: